| Tag |
First Indicator |
Second Indicator |
Subfields |
| LEADER |
00000cam a2200000Ma 4500 |
| 001 |
in00004604821 |
| 008 |
890617s1986 xnaa b 001 0 eng d |
| 005 |
20221220205239.9 |
| 010 |
|
|
|a 70181908
|
| 035 |
|
|
|a (OCoLC)ocm20250722
|
| 035 |
|
|
|a (OCoLC)ocm20250722
|
| 040 |
|
|
|a UBC
|b eng
|c UBC
|d AUT
|d OCLCQ
|d OCLCG
|d OCLCQ
|d OCLCF
|d OCLCO
|d OCLCQ
|d AUHCL
|d ATIOC
|d OCLCQ
|d NZHPC
|d OCLCO
|
| 019 |
|
|
|a 1091874525
|
| 020 |
|
|
|a 0701819081
|
| 020 |
|
|
|a 9780701819088
|
| 035 |
|
|
|a (OCoLC)20250722
|z (OCoLC)1091874525
|
| 050 |
1 |
4 |
|a BL311
|b .P34 1986
|
| 082 |
0 |
4 |
|a 291.1/3
|2 19
|
| 100 |
1 |
|
|a Page, Michael F.,
|d 1922-
|
| 245 |
1 |
0 |
|a Out of this world :
|b the complete book of fantasy /
|c Michael Page, Robert Ingpen.
|
| 260 |
|
|
|a Sydney :
|b Lansdowne Press,
|c 1986.
|
| 300 |
|
|
|a 240 pages :
|b color illustrations
|
| 336 |
|
|
|a text
|b txt
|2 rdacontent
|
| 337 |
|
|
|a unmediated
|b n
|2 rdamedia
|
| 338 |
|
|
|a volume
|b nc
|2 rdacarrier
|
| 504 |
|
|
|a Includes bibliographical references (pages 236-237) and index.
|
| 505 |
0 |
|
|a Of the Cosmos -- Of the Ground and Underground -- Of Wonderland -- Of Magic, Science and Invention -- Of Water, Sky and Air -- Of the Night.
|
| 520 |
|
|
|a This is a handsome book: large and solid, printed on heavy paper, each page illuminated with richly detailed paintings by Robert Ingpen. Author and artist describe and portray hundreds of fantastic places, people, objects and ideas known to us from literature, legend, mythology and folklore. There is a map of Brobdingnag, awesome dragons and griffins, creatures of the zodiac, vampires and golems. Spirits of the Australian landscape are well represented but the cosmos is the limit. As well as being fascinating and beautiful to browse through, this is a valuable collection of oft sought explanations and descriptions not found in encyclopaedias dealing only in hard cold facts.
|
| 650 |
|
0 |
|a Mythology.
|
| 650 |
|
2 |
|a Mythology
|
| 650 |
|
7 |
|a Mythology.
|2 fast
|0 (OCoLC)fst01031701
|
| 700 |
1 |
|
|a Ingpen, Robert R.
|
| 029 |
1 |
|
|a AU@
|b 000004103838
|
| 029 |
1 |
|
|a NZ1
|b 3112598
|
| 029 |
1 |
|
|a AU@
|b 000070219093
|
| 994 |
|
|
|a Z0
|b TXA
|
| 948 |
|
|
|h NO HOLDINGS IN TXA - 38 OTHER HOLDINGS
|
| 999 |
f |
f |
|s 9ea19f7c-d4ff-40e3-8400-6386d8250579
|i d1f8ab76-b367-4d31-b761-75f52923a59d
|t 0
|
| 952 |
f |
f |
|p noncirc
|a Texas A&M University
|b College Station
|c Cushing Memorial Library & Archives
|d Cushing: Science Fiction (Does not check out)
|t 0
|e BL311 .P34 1986
|f OVERSIZE
|h Library of Congress classification
|i unmediated -- volume
|m A1485299086J
|
| 998 |
f |
f |
|a BL311 .P34 1986
|t 0
|l Cushing: Science Fiction (Does not check out)
|